00298nam a2200109Ia 4500008004000000082001700040100002200057245003700079260004100116300001200157650001900169210210b1968 xxu||||| |||| 00| 0 eng d a821.009 MACM aMACNEICE (Louis). aModern poetry: a personal essay. aOxfordbAt the Clarendon Pressc1968 axix,205 aEnglish Poetry